000 00316nam a22001457a 4500
999 _c11995
_d11995
020 _a978-0070423350
082 _a332.1
100 _aMiller, Roger LeRoy
245 _aModern money and banking
250 _a3rd Edition
260 _aUSA
_bMcGraw Hill
_c1993
300 _a358
650 _aFinance
942 _cBK